Jurassic Park 3 Dinosaurs (Hard Version) - Statistics

General Stats
  • This quiz has been taken 93 times
  • The average score is 9 of 12
Answer Stats
Answer % Correct
Tyrannosaurus rex
98%
Spinosaurus
95%
Velociraptor
90%
Brachiosaurus
81%
Triceratops
76%
Parasaurolophus
75%
Ankylosaurus
73%
Pteranodon
71%
Stegosaurus
71%
Ceratosaurus
68%
Compsognathus
67%
Corythosaurus
52%
No matching quizzes found
Score Distribution
Percent of People with Each Score
Percentile by Number Answered
Your Score History
You have not taken this quiz